| 000 | 00625nam a2200205 a 4500 | ||
|---|---|---|---|
| 001 | 1639 | ||
| 005 | 20140414131844.0 | ||
| 008 | 010529s19uu xx 00 eng d | ||
| 020 | _a0-89565-204-8 | ||
| 050 |
_aM 177.7 _bM74 1981 |
||
| 100 | _aMoncure, Jane Belk | ||
| 245 |
_aKindness / _cby Jane Belk Moncure ; illustrated by Linda Hohag. |
||
| 260 |
_aMankatao, MN : _bThe Child's World, _c1981. |
||
| 300 | _a30 p. ; col. ill. ; cm. | ||
| 440 | _aValues to live by | ||
| 520 | _aExplores the nature of kindness. | ||
| 650 | _aKindness - Adresses, essays, lectures. | ||
| 650 | _aConduct of life. | ||
| 999 |
_c109864 _d109864 |
||